000 00741nam a2200229 a 4500
001 BRCA_4636
005 20190320204738.0
008 280910s1929----enka######---#000-0#eng-#
041 _aeng
044 _aenk
050 4 _aNK4815
_b.C68 1929
100 1 _aCotterell, Howard Herschel
_911732
245 1 0 _aOld Pewter, its Maker and Marks in England, Scotland and Ireland
_ban account of the old Pewterer and his Craft
_cby Howard Herschel Cotterell.
260 _aLondres
_bB. T. Bastford
_c1929
300 _axv, 432 p.
_bil.
_c29 cm.
500 _aIncluye índice analítico y marcas de Peltre
500 _aD46
504 _aBibliografía: p. 423
650 1 4 _aPeltre
_xMarcas
_zGran Bretaña
_911733
902 _aGFM
942 _2lcc
_cB
999 _c4339
_d4339